000 00407nam a2200145 a 4500
001 22694
005 20180713220631.0
008 140415s1974 000 0 spa d
041 _aspa
082 _a629.25
_bPRO
245 0 0 _aPROCEDIMIENTOS DE AFINACION Y CONTROL DE LA CONTAMINACION AUTOMOTRIZ
260 _a[s.l.] :
_bDIANA,
_c1974
300 _a377
650 1 4 _aCONTAMINACION
_xCONTROL
999 _c22694
_d22694